000 00674nam a2200229Ia 4500
003 OSt
005 20220926000207.0
006 a|||||r|||| 00| 0
007 ta
008 220923b |||||||| |||| 00| 0 eng d
037 _cGeneral Book
040 _aRTL
_cRTL
_beng
041 _2eng
_aeng
082 _aX.281.N9, N6
110 _aNational Capital Region Planning Board
_9302231
245 0 _aNational capital region
_b Growth and development
260 _a New Delhi
_bHar Anand
_c1996
300 _a272p
_ccm.
700 _aNational Capital Region Planning Board
_9302232
942 _hX.281.N9, N6
_cGB
_2CC
999 _c598591
_d598591